000 01142nas a2200385 4500
001 BR8402953
003 BR-BrBNA
005 20231205085930.0
007 ta
008 230509b bl.|||p| |||| 00| 00por d
040 _aBR-BrBNA
_bpor
_cBiblioteca Nacional de Agricultura
041 _a(Pt)
072 _aE30; S00
100 1 _aChaves, S.P.
100 1 _aLerner, B.R.
100 1 _aKalil, A.C.
100 1 _aLei, D.L.M.
100 1 _aStefanini, M.L.R.
245 1 _aAvaliacao do estado nutricional de pre-escolares beneficiarios do Programa de Nutricao em Saude [arroz, feijao, farinha de mandioca, fuba, leite, acucar [Sao Paulo, Brasil]
650 _aALIMENTACAO
650 _aESCOLA
650 _aPROGRAMA EDUCACIONAL
650 _aSUPRIMENTO DE ALIMENTO
650 _aARROZ
650 _aFEIJAO
650 _aFARINHA
650 _aMANDIOCA
650 _aFUBA
650 _aLEITE
650 _aACUCAR
650 _aSAO PAULO
773 0 _tAlimentacao e Nutricao (Brazil)
_xISSN 0101-1103
_g(Jan-Feb 1984), v. 5(15) p. 34-38
_wBR8402953
909 _a202311
_bLúcia
_c55
_dLúcia Elande
942 _2AGRIS
_n0
_cANA
999 _c114893
_d114893